000 01660aam a2200349 i 4500
001 768714001
003 CO-MdFUSB
005 20250822145526.0
007 ta
008 250822t2002 -us |||| |||| 00| 0 eng d
020 _a0-87788-069-7
040 _cCO-MdFUSB
041 0 _aeng
082 0 4 _223
_a248.843
_bB2931t
100 1 _aBarton, Ruth Haley
_eautor
245 1 4 _aThe Truths that Free Us :
_ba Woman's Calling to Spiritual Transformation
_c/ Ruth Haley Barton
264 1 _bShaw Books,
_aColorado, Springs :
_c[2002]
264 4 _c©2002
300 _a283 páginas
336 _atexto
_btxt
_2rdacontent
337 _2rdamedia
_asin mediación
_bn
338 _2rdacarrier
_avolumen
_bnc
500 _aTabla de contenido traducido por la agencia catalogadora
504 _aIncluye referencias bibliográficas (p. 261-283).
505 _aLa libertad de tomar decisiones para su propia vida. -- La libertad de hallar nuestra identidad en Cristo. -- La libertad de decir sí a los propósitos de Dios. -- La libertad de servir a Dios en la forma que él haga el llamado. -- La libertad de vivir en la verdad. -- Libres de la tiranía del mundo de que "nunca es suficiente". -- La libertad de unidad en el matrimonio. -- La libertad de aceptar nuestra sexualidad. -- La libertad del papel de ser la "supermamá". -- Libertad en medio de la dificultad. -- La libertad de enseñanza entre generaciones. -- La libertad de ser como Cristo en el mundo.
563 _aRústico
650 0 _aVida cristiana
_919
653 _aMujeres cristianas -- Conducta de vida -- Mujeres
942 _cBK
945 _aJTF-925
999 _c44304
_d44304